LEADER 00945nam0-22003011i-450- 001 990006831070403321 005 20001010 035 $a000683107 035 $aFED01000683107 035 $a(Aleph)000683107FED01 035 $a000683107 100 $a20001010d--------km-y0itay50------ba 101 0 $aita 105 $ay-------001yy 200 1 $aHabitants and merchants in seventeenth-century Montreal$fLouise Dechene$gtranslated by Liana Vardi. 210 $aLondon$cMcGill-Queen's University Press$dc 1992. 215 $aXXII, 434 p.$d23 cm 225 1 $aStudies on the history od Quebec = Etudes d'histoire du Québec$v 676 $a971.4 700 1$aDechene,$bLouise$0174385 801 0$aIT$bUNINA$gRICA$2UNIMARC 901 $aBK 912 $a990006831070403321 952 $aXI A 2431$b28139$fFSPBC 959 $aFSPBC 996 $aHabitants and merchants in seventeenth-century Montreal$9625922 997 $aUNINA DB $aGEN01 LEADER 01464nam--2200385---450- 001 990002965120203316 005 20070824101438.0 010 $a92-79-01376-9 035 $a000296512 035 $aUSA01000296512 035 $a(ALEPH)000296512USA01 035 $a000296512 100 $a20070824d2006----km-y0itay0103----ba 101 $aeng 102 $aLU 105 $a||||||||001yy 200 1 $aThematic study on policy measures concerning disadvantaged youth$fEuropean Commission 210 $aLuxembourg$cOffice for official publications of the European Communities$d2006 215 $a7 p.$cill.$d30 cm 225 2 $aCommunity action programme on social exclusion$iPolicy studies findings$v6 410 1$12001$aCommunity action programme on social exclusion$iPolicy studies findings$v6 606 0 $aPovertà$xPrevenzione$yPaesi della Comunità europea 676 $a362.58094 699 $a05.03$bEsclusione sociale 710 02$aCommissione europea :$bDirezione generale Occupazione, affari sociali e pari opportunità$0573603 801 0$aIT$bsalbc$gISBD 912 $a990002965120203316 951 $aCDE 05.03 (XIII)$bCDE 1479$cCDE 05.03$d00149605 959 $aBK 969 $aCDE 979 $aMARIAS$b90$c20070824$lUSA01$h1003 979 $aMARIAS$b90$c20070824$lUSA01$h1014 979 $aBATCH-UPD$b90$c20111212$lUSA01$h1316 996 $aThematic study on policy measures concerning disadvantaged youth$91026772 997 $aUNISA